[Event "FRA-ch U14"]
[Site "Belfort"]
[Date "2017.04.16"]
[Round "1.3"]
[White "Lataste, Yann"]
[Black "Harutyunyan, Ruben"]
[Result "0-1"]
[WhiteElo "1737"]
[BlackElo "2218"]
[PlyCount "90"]
[EventDate "2017.04.16"]
[EventType "swiss"]
[EventRounds "9"]
[EventCountry "FRA"]
[SourceTitle "EXT 2019"]
[Source "ChessBase"]
[SourceDate "2018.10.10"]
[SourceVersion "1"]
[SourceVersionDate "2018.10.10"]
[SourceQuality "1"]

1. d4 e6 2. Nf3 c5 3. e3 Nf6 4. c4 cxd4 5. Nxd4 Nc6 6. a3 Be7 7. Nc3 0-0 8. Be2 a6 9. 0-0 d6 10. Nxc6 bxc6 11. e4 Bb7 12. f4 d5 13. cxd5 cxd5 14. exd5 Nxd5 15. Nxd5 Bxd5 16. Bf3 Qb6+ 17. Kh1 Rad8 18. Qe2 Qb3 19. Bxd5 Rxd5 20. f5 Rxf5 21. Rxf5 exf5 22. Bf4 Qe6 23. Qxe6 fxe6 24. Re1 Rd8 25. h3 Kf7 26. g4 g5 27. Be5 f4 28. h4 h6 29. Re2 Rd3 30. hxg5 hxg5 31. Rf2 Bc5 32. Rc2 Rd5 33. b4 Bb6 34. Bc7 Be3 35. Rc6 f3 36. Rd6 Rxd6 37. Bxd6 Bd4 38. Kh2 e5 39. a4 e4 40. Kg3 Ke6 41. Bf8 Be5+ 42. Kf2 Bd6 43. Bh6 Kf6 44. b5 axb5 45. a5 Kg6 0-1